Más allá del símbolo: lectura no oficial del escudo /
En este artículo se propone una lectura semiótica del Escudo Nacional de Costa Rica y se analiza conmo los códigos simbólicos de la otredad europea representan la mismidad nacional. Se trata de un enfoque que subvierte "lo oficial-sombólico" del discurso cívico y activa "lo semiótico-...
Guardado en:
| Hovedforfatter: | |
|---|---|
| Format: | Texto |
| Fag: | |
| Tags: |
Tilføj Tag
Ingen Tags, Vær først til at tagge denne postø!
|
MARC
| LEADER | 00000 a a2200000 04500 | ||
|---|---|---|---|
| 001 | 15189 | ||
| 003 | |||
| 040 | |||
| 100 | |a Villalobos, Carlos Manuel | ||
| 245 | |a Más allá del símbolo: |b lectura no oficial del escudo / |c Carlos Manuel Villalobos | ||
| 520 | |a En este artículo se propone una lectura semiótica del Escudo Nacional de Costa Rica y se analiza conmo los códigos simbólicos de la otredad europea representan la mismidad nacional. Se trata de un enfoque que subvierte "lo oficial-sombólico" del discurso cívico y activa "lo semiótico-sígnico" en el seno de la cultura. REV//jmml | ||
| 650 | |a PUB.IIS | ||
| 650 | |a CULTURA | ||
| 650 | |a HISTORIA | ||
| 650 | |a ESTADO | ||
| 650 | |a NACION | ||
| 650 | |a SIMBOLOS | ||
| 650 | |a IDEOLOGIAS | ||
| 650 | |a ANALISIS HISTORICO | ||
| 650 | |a VALORES CULTURALES | ||
| 650 | |a TEORIA | ||
| 773 | |g número 78 -79; páginas 95-102 | ||
| 999 | |c 19670 |d 19670 | ||
| 773 | 0 | |0 18728 |9 3054 |a Universidad de Costa Rica |d San José, Costa Rica Editorial UCR 1956- |o 16967 |t Revista de Ciencias Sociales/ |x 04825276 | |
